[Event "28th 4NCL Congress"]
[Site "Leamington Spa"]
[Date "2022.07.09"]
[Round "3"]
[Board "17"]
[White "Jenkins, Theo"]
[Black "Cuthbert, Larissa"]
[Result "1/2-1/2"]
[WhiteElo "1672"]
[BlackElo "1505"]
[PlyCount "0"]
[EventDate "2022.07.08"]
[EventRounds "5"]
[EventCountry "ENG"]

1. e4 e6 2. d4 d5 3. Nd2 Nf6 4. e5 Nfd7 5. Ngf3 c5 6. c3 Nc6 7. Be2 Be7 8. O-O O-O 9. Nb3 c4 10. Nbd2 a6 11. b3 b5 12. a4 Bb7 13. Rb1 Rb8 14. Qc2 Qc7 15. Qa2 Rfc8 16. b4 Nb6 17. a5 Nd7 18. Ne1 Qd8 19. Qc2 f6 20. f4 Nf8 21. Bh5 Na7 22. f5 fxe5 23. fxe6 g6 24. Bg4 exd4 25. cxd4 Bf6 26. Ndf3 Bc6 27. Qf2 Qe7 28. Bf4 Rb7 29. Nc2 Be8 30. Rbe1 h5 31. Bh3 Nh7 32. Be5 Nc6 33. Bxf6 Nxf6 34. Ng5 Kg7 35. Nf7 Ne4 36. Qf4 Bxf7 37. exf7 Rf8 38. g3 Rxf7 39. Qxf7+ Qxf7 40. Rxf7+ Kxf7 41. Bg2 Nf6 42. Rf1 Kg7 43. Re1 Kf7 44. h3 Re7 45. Rxe7+ Kxe7 46. Kf2 Ke6 47. Ke3 g5 48. Bf3 g4 49. hxg4 hxg4 50. Bd1 Kf5 51. Be2 Ne4 52. Bf1 Nxg3 53. Bg2 Ne4 54. Bh1 Nf6  1/2-1/2

[Event "28th 4NCL Congress"]
[Site "Leamington Spa"]
[Date "2022.07.09"]
[Round "3"]
[Board "18"]
[White "Gowers, George"]
[Black "Gill, Gursharanjit S"]
[Result "1-0"]
[WhiteElo "1439"]
[BlackElo "1660"]
[PlyCount "0"]
[EventDate "2022.07.08"]
[EventRounds "5"]
[EventCountry "ENG"]

1. e4 e6 2. d4 d5 3. Nd2 c5 4. exd5 Qxd5 5. Ngf3 cxd4 6. Bc4 Qd8 7. Nb3 Nc6 8. Nfxd4 Bd7 9. Bf4 a6 10. Qe2 Qf6 11. Be3 Bd6 12. O-O Nge7 13. Rad1 Be5 14. Qd2 Nxd4 15. Bxd4 Bc6 16. Qe3 Qg6 17. f3 Nf5 18. Qxe5 Nh4 19. Qg3 Qh5 20. Qg4 Qxg4 21. fxg4 Bxg2 22. Rf2 Bf3 23. Rdf1 Bxg4 24. Rxf7 O-O-O 25. Bb6 Rd6 26. Rf8+ Rxf8 27. Rxf8+ Kd7 28. Rd8+ Kc6 29. Nd4+ Kxb6 30. Rxd6+ Kc5 31. Rd8 Kxc4 32. Nb3 Nf3+ 33. Kg2 Ne1+ 34. Kf2 Nxc2 35. Na5+ Kb5 36. Nxb7 Nb4 37. a3 Nc6 38. Rd7 Ne5 39. Rxg7 Bf5 40. Nd6+ Kc6 41. Nxf5 exf5 42. Ke2 Kd5 43. Rxh7 f4 44. Rh5 Ke4 45. Rxe5+ Kxe5 46. Kf3 a5 47. b4  1-0

[Event "28th 4NCL Congress"]
[Site "Leamington Spa"]
[Date "2022.07.09"]
[Round "3"]
[Board "19"]
[White "Butler, Rene"]
[Black "Blower, Trevor R"]
[Result "1/2-1/2"]
[WhiteElo "1267"]
[BlackElo "1607"]
[PlyCount "0"]
[EventDate "2022.07.08"]
[EventRounds "5"]
[EventCountry "ENG"]

1. b4 f5 2. Bb2 d6 3. c4 e5 4. b5 Nf6 5. e3 g6 6. Nc3 c6 7. Be2 Bg7 8. Nf3 O-O 9. O-O Qc7 10. h4 Nbd7 11. Ba3 e4 12. Ng5 Ne5 13. Bb2 h6 14. Nh3 Be6 15. Qb3 Neg4 16. Nf4 d5 17. Bxg4 Nxg4 18. g3 Bf7 19. cxd5 cxd5 20. Ncxd5 Qd7 21. Bxg7 Kxg7 22. Qb2+  1/2-1/2

[Event "28th 4NCL Congress"]
[Site "Leamington Spa"]
[Date "2022.07.09"]
[Round "3"]
[Board "20"]
[White "Watkinson, Phil K"]
[Black "Gregory, Gerald"]
[Result "1-0"]
[WhiteElo "1552"]
[BlackElo "1385"]
[PlyCount "0"]
[EventDate "2022.07.08"]
[EventRounds "5"]
[EventCountry "ENG"]

1. d4 Nf6 2. c4 g6 3. Nc3 d5 4. cxd5 Nxd5 5. e4 Nxc3 6. bxc3 c5 7. Bc4 Bg7 8. Ne2 Nc6 9. Be3 cxd4 10. cxd4 Qa5+ 11. Kf1 O-O 12. h4 h5 13. Rc1 Bg4 14. f3 Qa3 15. Rc3 Qd6 16. fxg4 hxg4 17. Rc1 Rad8 18. Bb3 Nxd4 19. Nxd4 Bxd4 20. Bxd4 Qxd4 21. Qxd4 Rxd4 22. Re1 Rd2 23. Kg1 Rfd8 24. h5 Rd1 25. Rxd1 Rxd1+ 26. Bxd1  1-0

[Event "28th 4NCL Congress"]
[Site "Leamington Spa"]
[Date "2022.07.09"]
[Round "3"]
[Board "21"]
[White "Gibson, Stephen"]
[Black "Kirkland, Arnold G"]
[Result "1-0"]
[WhiteElo "1511"]
[BlackElo "1614"]
[PlyCount "0"]
[EventDate "2022.07.08"]
[EventRounds "5"]
[EventCountry "ENG"]

1. e4 e5 2. f4 d5 3. exd5 Qxd5 4. Nc3 Qe6 5. fxe5 Qxe5+ 6. Qe2 Qxe2+ 7. Bxe2 c6 8. Nf3 Bg4 9. d4 Bb4 10. O-O Nf6 11. Bd3 O-O 12. Ne2 Nbd7 13. Ng3 Rae8 14. Bf4 Nd5 15. Ng5 N7f6 16. c3 Nxf4 17. Rxf4 Bd6 18. Rf2 h6 19. N5e4 Nxe4 20. Nxe4 Bc7 21. h3 Bc8 22. Raf1 Re7 23. Nd2 Be6 24. a3 b5 25. Ne4 Bd5 26. Nd2 Re3 27. Bg6 f6 28. Nf3 Bg3 29. Rd2 f5 30. Nh2 Bxh2+ 31. Kxh2 f4 32. Bh5 Rf5 33. Bf3 g5 34. Bg4 Rf7 35. Rff2 Rfe7 36. Bf3 Bxf3 37. gxf3 Kg7 38. d5 Rd7 39. dxc6 Rxd2 40. Rxd2 Re7 41. Rd7 Kf7 42. c7 Rxd7 43. c8=Q Rd2+ 44. Kg1 Rxb2 45. Qd7+ Kg6 46. Qxa7 Kh5 47. Qc5 Kh4 48. Qf5 h5 49. Qd3 Kxh3 50. Qf1+ Kh4 51. c4 bxc4 52. Qxc4 Rb1+ 53. Qf1 Rxf1+ 54. Kxf1 g4 55. Kg2 Kg5 56. a4 g3 57. a5 h4 58. a6  1-0

[Event "28th 4NCL Congress"]
[Site "Leamington Spa"]
[Date "2022.07.09"]
[Round "3"]
[Board "24"]
[White "Veeturi, Yashvardhan"]
[Black "Morris, Nigel W"]
[Result "0-1"]
[WhiteElo "1334"]
[BlackElo "1619"]
[PlyCount "0"]
[EventDate "2022.07.08"]
[EventRounds "5"]
[EventCountry "ENG"]

1. c4 e5 2. Nc3 Nc6 3. g3 g6 4. Bg2 Bg7 5. Nf3 d6 6. h3 Nge7 7. O-O O-O 8. d3 f5 9. Bg5 h6 10. Bxe7 Nxe7 11. b4 e4 12. c5 exf3 13. Bxf3 Bxc3 14. Qb3+ Kh7 15. Qxc3 d5 16. Qe5 Qd7 17. Rab1 c6 18. a4 Ng8 19. b5 Qe6 20. Qc7+ Rf7 21. Qa5 g5 22. e3 Nf6 23. bxc6 Qxc6 24. d4 g4 25. hxg4 fxg4 26. Bg2 Bf5 27. Rb6 axb6 28. Qxa8 bxc5 29. Rc1 c4 30. Qa5 Be4 31. Bf1 Qd7 32. Bg2 Bxg2 33. Kxg2 Ne4 34. Rf1 Qf5 35. Qe1 c3 36. Qd1 Nd2 37. f4 Qe4+  0-1

[Event "28th 4NCL Congress"]
[Site "Leamington Spa"]
[Date "2022.07.09"]
[Round "3"]
[Board "25"]
[White "Gomez, Mario"]
[Black "McWilliams, Mark D"]
[Result "0-1"]
[WhiteElo "1315"]
[BlackElo "1494"]
[PlyCount "0"]
[EventDate "2022.07.08"]
[EventRounds "5"]
[EventCountry "ENG"]

1. e4 e6 2. Nf3 d5 3. exd5 exd5 4. d4 Bd6 5. Be2 Ne7 6. O-O O-O 7. Bg5 f6 8. Bh4 Nf5 9. c4 Nxh4 10. Nxh4 c6 11. c5 Bc7 12. b4 f5 13. Nf3 Nd7 14. Nc3 Nf6 15. Nd2 Ne4 16. Ndxe4 fxe4 17. a4 Rf6 18. f3 e3 19. Qd3 Bxh2+ 20. Kh1 Rh6 21. g3 Bxg3+ 22. Kg2 Bh3+ 23. Kxg3 Qg5+  0-1

[Event "28th 4NCL Congress"]
[Site "Leamington Spa"]
[Date "2022.07.09"]
[Round "3"]
[Board "26"]
[White "Walker, Heather Enid"]
[Black "Wright, George A"]
[Result "1/2-1/2"]
[WhiteElo "1184"]
[BlackElo "1407"]
[PlyCount "0"]
[EventDate "2022.07.08"]
[EventRounds "5"]
[EventCountry "ENG"]

1. e4 c6 2. d4 d5 3. exd5 cxd5 4. c4 Nf6 5. Nf3 e6 6. Nc3 Be7 7. Be2 O-O 8. O-O b6 9. Ne5 Bb7 10. a3 Qc7 11. Nb5 Qd8 12. Bf4 Na6 13. Rc1 Rc8 14. Nxa7 Rc7 15. Nb5 Rc8 16. b4 Ne4 17. Nc3 Bg5 18. Bxg5 Nxg5 19. Qd3 f6 20. Nf3 dxc4 21. Qe3 Re8 22. b5 Nb8 23. h4 Nxf3+ 24. Bxf3 Bxf3 25. Qxf3 Qxd4 26. h5 Qh4 27. Ne4 Rf8 28. Qe2 f5 29. Nd6 Qf6 30. Nxc8 Rxc8 31. Rxc4 Rd8 32. Qe3 Nd7 33. Rd1 f4 34. Qxf4 e5 35. Qxf6 gxf6 36. h6 Kf7 37. Rg4 Ke6 38. f3 Ra8 39. a4 Nc5 40. Rg7 Rh8 41. Ra1 Nb3 42. Ra3 Na5 43. Kf2 Nc4 44. Ra2 Kf5 45. g3 e4 46. fxe4+ Kxe4 47. Ke2 Re8 48. Kf2 Rh8 49. Rg4+ Kd5 50. Rf4 Rf8 51. Rf5+ Ne5 52. a5 Ke4 53. Rf4+ Kd5 54. Rd2+ Kc5 55. axb6 Kxb6 56. Rd6+ Kxb5 57. Ke2 Kc5 58. Rdxf6 Rxf6 59. Rxf6 Ng4 60. Kf3 Nxf6 61. Kf4 Nh5+ 62. Kg4 Nxg3 63. Kxg3 Kd6 64. Kf4 Ke6 65. Kg5 Ke5 66. Kg4 Kf6 67. Kh5 Kf5 68. Kh4 Kg6 69. Kg4 Kxh6 70. Kh4  1/2-1/2

[Event "28th 4NCL Congress"]
[Site "Leamington Spa"]
[Date "2022.07.10"]
[Round "4"]
[Board "1"]
[White "Borissow, Magnus"]
[Black "Khomytska, Kateryna"]
[Result "1/2-1/2"]
[WhiteElo "1528"]
[BlackElo "1297"]
[PlyCount "85"]
[EventDate "2022.07.08"]
[EventRounds "5"]
[EventCountry "ENG"]

1. e4 e5 2. Bc4 Bc5 3. d4 exd4 4. Bxf7+ Kxf7 5. Qh5+ g6 6. Qxc5 Nc6 7. Nf3 Qe7
8. Qd5+ Kg7 9. O-O Nf6 10. Qc4 Qxe4 11. Re1 Qd5 12. Qd3 d6 13. Bg5 Bf5 14.
Bxf6+ Kxf6 15. Nc3 Qc5 16. Ne4+ Bxe4 17. Qxe4 Rae8 18. Qh4+ Kg7 19. Ng5 Ne5 20.
Ne4 Qc4 21. Qf6+ Kh6 22. Qh4+ Kg7 23. Qf6+ Kh6 24. Nxd6 cxd6 25. Re4 Nf3+ 26.
gxf3 Rxe4 27. fxe4 Re8 28. Rd1 Qxc2 29. Rxd4 Rxe4 30. Qf8+ Kg5 31. h4+ Kg4 32.
Qxd6 Kf3 33. Qf6+ Ke2 34. Kg2 Rxd4 35. Qf3+ Ke1 36. Qe3+ Qe2 37. Qxd4 Qf1+ 38.
Kg3 Qg1+ 39. Kf3 Qh1+ 40. Kg3 Qg1+ 41. Kf3 Qh1+ 42. Kg3 Qg1+ 43. Kf3  1/2-1/2

[Event "28th 4NCL Congress"]
[Site "Leamington Spa"]
[Date "2022.07.10"]
[Round "4"]
[Board "3"]
[White "Dos Santos Silva, Bruno Alexandre"]
[Black "Bullock, Lee"]
[Result "0-1"]
[WhiteElo "1679"]
[BlackElo "1582"]
[PlyCount "130"]
[EventDate "2022.07.08"]
[EventRounds "5"]
[EventCountry "ENG"]

1. d4 Nf6 2. Bg5 b6 3. Bxf6 exf6 4. e4 Bb7 5. Bd3 f5 6. Nd2 fxe4 7. Bxe4 Bxe4
8. Nxe4 d5 9. Nc3 c6 10. Nf3 Nd7 11. O-O Be7 12. Re1 O-O 13. a3 Bd6 14. Qd3 h6
15. Rad1 Qc7 16. Ne2 Rfe8 17. Ng3 Nf6 18. Nf5 Bf8 19. Ne5 Ne4 20. Ng3 Ng5 21.
c3 c5 22. Re2 c4 23. Qc2 Re6 24. Rde1 Rae8 25. f4 Nh7 26. f5 R6e7 27. Nh5 Qd6
28. f6 Nxf6 29. Nxf6+ Qxf6 30. Nd7 Qg6 31. Qxg6 fxg6 32. Ne5 Re6 33. Kf2 Rf6+
34. Nf3 Rxe2+ 35. Rxe2 Bd6 36. h3 Kf7 37. Ke1 Re6 38. Ne5+ Bxe5 39. dxe5 g5 40.
Kf2 Kg6 41. g4 Kf7 42. Kg3 Kg6 43. Re3 Kf7 44. Re2 Ke7 45. Kf2 g6 46. Ke1 Kd7
47. Kd2 Re7 48. a4 Ke6 49. Kc2 Rf7 50. Re3 Rf4 51. b4 Rf2+ 52. Kb1 h5 53. Ka1
hxg4 54. hxg4 Rf4 55. Ka2 Rxg4 56. Ka3 Re4 57. Rg3 Rxe5 58. a5 b5 59. Kb2 Kf6
60. Kc2 Re4 61. Kd2 d4 62. cxd4 Rxd4+ 63. Kc3 Rd3+ 64. Rxd3 cxd3 65. Kxd3 Ke5
 0-1

[Event "28th 4NCL Congress"]
[Site "Leamington Spa"]
[Date "2022.07.10"]
[Round "4"]
[Board "4"]
[White "Duffell, Andrew"]
[Black "Fernando, Manel"]
[Result "0-1"]
[WhiteElo "1599"]
[BlackElo "1651"]
[PlyCount "86"]
[EventDate "2022.07.08"]
[EventRounds "5"]
[EventCountry "ENG"]

1. d4 d5 2. c4 c6 3. Nc3 Nf6 4. Bg5 e6 5. e4 dxe4 6. Nxe4 Be7 7. Bxf6 Bxf6 8.
Nxf6+ Qxf6 9. Nf3 O-O 10. Bd3 Nd7 11. O-O Re8 12. Qc2 h6 13. Rfe1 Nf8 14. Rad1
Bd7 15. Ne5 Rad8 16. Ng4 Qg5 17. Ne5 Bc8 18. Re3 f5 19. Rg3 Qf6 20. Be2 Qh4 21.
Qc3 c5 22. d5 exd5 23. cxd5 Qf6 24. f4 Kh7 25. Bh5 Re7 26. d6 Rxd6 27. Rxd6
Qxd6 28. Rd3 Qc7 29. Rg3 b6 30. h4 Qd6 31. Bg6+ Nxg6 32. Nxg6 Re4 33. h5 Qd1+
34. Kh2 Qxh5+ 35. Nh4 Qxh4+ 36. Rh3 Qxf4+ 37. Rg3 Qc7 38. Kg1 Qe7 39. Kh2 Rh4+
40. Kg1 Rg4 41. Re3 Qg5 42. Re2 Bb7 43. Qc2 Be4  0-1

[Event "28th 4NCL Congress"]
[Site "Leamington Spa"]
[Date "2022.07.10"]
[Round "4"]
[Board "6"]
[White "Ramaraju, Siddarth"]
[Black "Maher, Mike P"]
[Result "0-1"]
[WhiteElo "1581"]
[BlackElo "1693"]
[PlyCount "106"]
[EventDate "2022.07.08"]
[EventRounds "5"]
[EventCountry "ENG"]

1. e4 c6 2. d4 d5 3. e5 Bf5 4. Nf3 e6 5. c4 Ne7 6. Bg5 h6 7. Bd2 dxc4 8. Bxc4
Nd5 9. a3 Be7 10. Nc3 O-O 11. h3 Nd7 12. g4 Bg6 13. h4 N7b6 14. Be2 Nxc3 15.
bxc3 Qd5 16. g5 h5 17. Rh2 Qe4 18. Kf1 Nd5 19. Bc1 Nxc3 20. Qe1 Nxe2 21. Qxe2
Rfd8 22. Be3 Rd5 23. Nd2 Qd3 24. Nc4 b5 25. Na5 Qc3 26. Qe1 Qd3+ 27. Qe2 Bxa3
28. Nxc6 Qc3 29. Qa2 Qxc6 30. Qxa3 Qc4+ 31. Kg2 b4 32. Qb2 Qc3 33. Qxc3 bxc3
34. Rc1 c2 35. f4 Rb5 36. Kf2 Be4 37. Bd2 Rb1 38. Ke3 Rxc1 39. Bxc1 Bf5 40. Rh1
Rb8 41. Kd2 a5 42. Re1 Rb3 43. Re3 Rxe3 44. Kxe3 Kf8 45. d5 exd5 46. Kd4 Be4
47. Kc5 Ke7 48. f5 g6 49. f6+ Ke6 50. Kc6 d4+ 51. Kc7 d3 52. Kb6 a4 53. Kb5 a3
 0-1

[Event "28th 4NCL Congress"]
[Site "Leamington Spa"]
[Date "2022.07.10"]
[Round "4"]
[Board "7"]
[White "Madden, Jason D"]
[Black "Belinger, John"]
[Result "0-1"]
[WhiteElo "1521"]
[BlackElo "1685"]
[PlyCount "49"]
[EventDate "2022.07.08"]
[EventRounds "5"]
[EventCountry "ENG"]

1. e4 c5 2. Nf3 Nc6 3. Nc3 g6 4. d4 cxd4 5. Nxd4 Bg7 6. Nxc6 bxc6 7. Bc4 d6 8.
Qf3 Nf6 9. e5 dxe5 10. Qxc6+ Bd7 11. Qa6 O-O 12. Be3 Qc7 13. Bb3 e6 14. O-O-O
Ng4 15. Qe2 Nxe3 16. Qxe3 Rfe8 17. g4 a5 18. a4 Reb8 19. Rd3 e4 20. Rd2 Be8 21.
h4 Be5 22. Nxe4 Bf4 23. Nf6+ Kg7 24. Nxe8+ Rxe8 25. Qe4  0-1

[Event "28th 4NCL Congress"]
[Site "Leamington Spa"]
[Date "2022.07.10"]
[Round "4"]
[Board "8"]
[White "Seymour, Paul"]
[Black "Ravi, Vash"]
[Result "1-0"]
[WhiteElo "1674"]
[BlackElo "1484"]
[PlyCount "79"]
[EventDate "2022.07.08"]
[EventRounds "5"]
[EventCountry "ENG"]

1. d4 d5 2. Bf4 Nc6 3. Nf3 Bg4 4. c3 f6 5. h3 Bxf3 6. exf3 e5 7. Be3 Bd6 8.
dxe5 fxe5 9. Qxd5 Nf6 10. Qb3 Rb8 11. Nd2 Qd7 12. Ne4 a6 13. Rd1 Nd8 14. Be2
Nf7 15. Nxf6+ gxf6 16. Ba7 Ra8 17. Qxb7 Ke7 18. Bc5 Rhb8 19. Qd5 Rd8 20. O-O
Rg8 21. Rfe1 Qxh3 22. Bxd6+ Nxd6 23. f4 e4 24. Bf1 f5 25. Re3 Qh4 26. Qe5+ Kf7
27. Rh3 Qxh3 28. Qd5+ Ke7 29. Qxa8 Rg7 30. Qc6 Kd8 31. Rxd6+ cxd6 32. Qa8+ Ke7
33. Qb7+ Kf6 34. Qxg7+ Kxg7 35. gxh3 a5 36. b4 axb4 37. cxb4 Kf8 38. Bc4 Ke7
39. Kf1 Kd8 40. Ke2  1-0

[Event "28th 4NCL Congress"]
[Site "Leamington Spa"]
[Date "2022.07.10"]
[Round "4"]
[Board "10"]
[White "Cuthbert, Larissa"]
[Black "Fearnhead, Paul N"]
[Result "0-1"]
[WhiteElo "1505"]
[BlackElo "1694"]
[PlyCount "108"]
[EventDate "2022.07.08"]
[EventRounds "5"]
[EventCountry "ENG"]

1. d4 d6 2. c4 e5 3. d5 Nd7 4. e4 Nc5 5. Nc3 a5 6. Qc2 g6 7. Nf3 Bh6 8. Bxh6
Nxh6 9. h3 O-O 10. Qd2 Kg7 11. g4 Ng8 12. Be2 Nf6 13. Qe3 h5 14. Ng5 Rh8 15.
O-O-O hxg4 16. hxg4 Nxg4 17. Rxh8 Qxh8 18. Qd2 f6 19. Bxg4 Bxg4 20. Rg1 Bd7 21.
Nf3 Qh6 22. Rf1 Qh3 23. Qe2 Bg4 24. Rg1 Bxf3 25. Qd2 Qh6 26. Re1 Qxd2+ 27. Kxd2
Rh8 28. Re3 Bg4 29. Nb5 Re8 30. f3 Bd7 31. a3 Bxb5 32. cxb5 a4 33. Kc3 b6 34.
Kb4 Rf8 35. Re2 f5 36. exf5 Rxf5 37. Re3 Rf4+ 38. Kc3 e4 39. fxe4 Rxe4 40. Rxe4
Nxe4+ 41. Kc2 Kf6 42. b3 axb3+ 43. Kxb3 g5 44. Kc4 Ke5 45. a4 g4 46. Kb4 g3 47.
a5 bxa5+ 48. Kxa5 g2 49. Ka6 g1=Q 50. Kb7 Kxd5 51. Ka8 Nc5 52. Kb8 Qg8+ 53. Ka7
Qc8 54. b6 Qb7#  0-1

[Event "28th 4NCL Congress"]
[Site "Leamington Spa"]
[Date "2022.07.10"]
[Round "4"]
[Board "11"]
[White "Norman, Dinah M"]
[Black "Gibson, Stephen"]
[Result "1/2-1/2"]
[WhiteElo "1691"]
[BlackElo "1511"]
[PlyCount "48"]
[EventDate "2022.07.08"]
[EventRounds "5"]
[EventCountry "ENG"]

1. d4 b5 2. e4 a6 3. Nf3 e6 4. Bd3 c5 5. c3 Bb7 6. Qe2 cxd4 7. cxd4 Bb4+ 8. Bd2
Bxd2+ 9. Nbxd2 d6 10. O-O Ne7 11. a3 O-O 12. Rac1 Ng6 13. Qe3 Nc6 14. b4 Nce7
15. Nb3 Rc8 16. Na5 Ba8 17. Rxc8 Qxc8 18. Rc1 Qb8 19. h4 Rc8 20. h5 Nf8 21. g4
Rxc1+ 22. Qxc1 Qc8 23. Qxc8 Nxc8 24. Nd2 Nd7  1/2-1/2

[Event "28th 4NCL Congress"]
[Site "Leamington Spa"]
[Date "2022.07.10"]
[Round "4"]
[Board "12"]
[White "Homer, Neil S"]
[Black "Matilal, Tamal K"]
[Result "1-0"]
[WhiteElo "1673"]
[BlackElo "1424"]
[PlyCount "55"]
[EventDate "2022.07.08"]
[EventRounds "5"]
[EventCountry "ENG"]

1. e4 e6 2. d4 a6 3. Nf3 c5 4. c3 cxd4 5. cxd4 Nf6 6. Nc3 b5 7. e5 b4 8. exf6
bxc3 9. fxg7 Bxg7 10. bxc3 Qc7 11. Bd2 O-O 12. Bd3 e5 13. O-O f5 14. dxe5 Nc6
15. Re1 Nxe5 16. Nxe5 Bxe5 17. h3 Bb7 18. Qh5 Qc6 19. Qg5+ Kh8 20. f3 Bf6 21.
Qe3 Rg8 22. Kh1 d6 23. Bxf5 Rad8 24. Qh6 Rg7 25. Qxf6 Rdg8 26. Bh6 Qc7 27.
Bxg7+ Rxg7 28. Re8#  1-0

[Event "28th 4NCL Congress"]
[Site "Leamington Spa"]
[Date "2022.07.10"]
[Round "4"]
[Board "13"]
[White "Dairi, Ramsey"]
[Black "Jenkins, Theo"]
[Result "0-1"]
[WhiteElo "1496"]
[BlackElo "1672"]
[PlyCount "146"]
[EventDate "2022.07.08"]
[EventRounds "5"]
[EventCountry "ENG"]

1. e4 e5 2. Nf3 Nf6 3. Nxe5 d6 4. Nf3 Nxe4 5. Nc3 Nxc3 6. dxc3 Be7 7. Bd3 Na6
8. Bf4 Be6 9. Nd4 Qd7 10. Qf3 Nc5 11. Bb5 c6 12. Nxc6 a6 13. Rd1 axb5 14. Nxe7
Qxe7 15. O-O Rd8 16. b4 Na4 17. Qg3 Qc7 18. Bxd6 Qxc3 19. Qg5 Rxd6 20. Rxd6 O-O
21. Rfd1 Qxb4 22. Rd8 f6 23. Qe3 Bxa2 24. R8d7 Qc5 25. Qg3 Bf7 26. Qd3 Nb2 27.
Qd6 Qxd6 28. R1xd6 Nc4 29. Rd4 b6 30. Ra7 g6 31. Ra1 Kg7 32. Rb1 Re8 33. h3 Na3
34. Rb2 Re1+ 35. Kh2 Re2 36. Rd3 Rxc2 37. Rxc2 Nxc2 38. Rd6 b4 39. Rxb6 b3 40.
Kg3 Na3 41. Kf3 Nc4 42. Rb4 b2 43. Ke2 g5 44. Kd3 Bg6+ 45. Kxc4 b1=Q 46. Rxb1
Bxb1 47. Kd4 Kg6 48. Ke3 h5 49. g3 Kf5 50. f3 Ba2 51. Kf2 Ke5 52. Ke3 Bc4 53.
h4 gxh4 54. gxh4 Bb5 55. f4+ Kf5 56. Kf3 Bc6+ 57. Kg3 Bd5 58. Kh3 Kxf4 59. Kh2
Kg4 60. Kg1 Kxh4 61. Kh2 Be4 62. Kg1 Kg3 63. Kf1 h4 64. Ke2 h3 65. Ke3 h2 66.
Kxe4 h1=Q+ 67. Kf5 Qd5+ 68. Kxf6 Kg4 69. Kg7 Qe6 70. Kf8 Kg5 71. Kg7 Qd7+ 72.
Kh8 Kg6 73. Kg8 Qg7#  0-1

[Event "28th 4NCL Congress"]
[Site "Leamington Spa"]
[Date "2022.07.10"]
[Round "4"]
[Board "21"]
[White "Gill, Gursharanjit S"]
[Black "Holden, Hayden"]
[Result "1-0"]
[WhiteElo "1660"]
[BlackElo "1562"]
[PlyCount "59"]
[EventDate "2022.07.08"]
[EventRounds "5"]
[EventCountry "ENG"]

1. c4 e6 2. Nc3 d5 3. cxd5 exd5 4. d4 Nf6 5. g3 Be7 6. Bg2 O-O 7. Nf3 c6 8. O-O
Bf5 9. h3 h6 10. Nd2 Qc7 11. f3 Qxg3 12. Qe1 Bd6 13. Qxg3 Bxg3 14. e4 dxe4 15.
fxe4 Be6 16. Ne2 Bc7 17. b3 Re8 18. Bb2 Nh7 19. Nf4 Bc8 20. Rf2 Na6 21. a3 c5
22. d5 Be5 23. Bxe5 Rxe5 24. Nc4 Re8 25. Nd6 Re7 26. Re1 b6 27. e5 Bb7 28. e6
fxe6 29. dxe6 Bc8 30. Bxa8  1-0

[Event "28th 4NCL Congress"]
[Site "Leamington Spa"]
[Date "2022.07.10"]
[Round "4"]
[Board "22"]
[White "Morris, Nigel W"]
[Black "Gregory, Gerald"]
[Result "1-0"]
[WhiteElo "1619"]
[BlackElo "1385"]
[PlyCount "158"]
[EventDate "2022.07.08"]
[EventRounds "5"]
[EventCountry "ENG"]

1. c4 c5 2. Nc3 Nc6 3. e4 Nf6 4. g3 e6 5. Bg2 Nb4 6. d3 Be7 7. a3 Nc6 8. Nge2
O-O 9. O-O d5 10. cxd5 exd5 11. exd5 Ne5 12. f4 Ned7 13. Rb1 Nb6 14. Qb3 Bd6
15. a4 a5 16. Nb5 Re8 17. Nxd6 Qxd6 18. Nc3 Bf5 19. Nb5 Qd8 20. d6 Be6 21. Qc2
Bd5 22. Nc7 Bxg2 23. Kxg2 Qxd6 24. Nxa8 Rxa8 25. b3 Rd8 26. Bd2 Nbd5 27. Rbe1
Qc6 28. Kg1 Qb6 29. Qc4 Nb4 30. Bxb4 cxb4+ 31. Kh1 Ng4 32. Re7 Qc6+ 33. Qxc6
bxc6 34. Kg2 Kf8 35. Rfe1 Nf6 36. R7e3 Nd5 37. Rf3 Nc7 38. Re5 Nd5 39. Kf2 f6
40. Re6 Rc8 41. Ke1 Kf7 42. Re2 Nc3 43. Rd2 Re8+ 44. Kf2 Rd8 45. Re3 Nd5 46.
Re1 Nc3 47. f5 Rd6 48. Kf3 h5 49. g4 hxg4+ 50. Kxg4 Rd4+ 51. Kg3 Rd6 52. d4 Kf8
53. Kg4 Kf7 54. h4 c5 55. Re6 Rd5 56. Kf4 cxd4 57. Rd3 Rd8 58. Ra6 Rd5 59. Re6
Rd8 60. Ra6 Nd5+ 61. Kf3 Nc3 62. Rxa5 Rd6 63. Rc5 Ke7 64. Rc4 Rd5 65. Kg4 Ne2
66. Rxb4 Re5 67. Rbxd4 Nxd4 68. Rxd4 Ra5 69. Rb4 Kd6 70. Rb5 Ra6 71. Kh5 Kc6
72. Kg6 Ra7 73. h5 Rc7 74. h6 gxh6 75. Kxh6 Kd6 76. Kg6 Ke7 77. a5 Ra7 78. b4
Rc7 79. a6 Ra7  1-0

[Event "28th 4NCL Congress"]
[Site "Leamington Spa"]
[Date "2022.07.10"]
[Round "4"]
[Board "23"]
[White "Wallman, James"]
[Black "Hylands, Keith A"]
[Result "1-0"]
[WhiteElo "1530"]
[BlackElo "1397"]
[PlyCount "91"]
[EventDate "2022.07.08"]
[EventRounds "5"]
[EventCountry "ENG"]

1. e4 e6 2. d4 d5 3. e5 c5 4. c3 Ne7 5. Bd3 Ng6 6. Bxg6 fxg6
7. Nf3 Nc6 8. Be3 Ne7 9. dxc5 Nf5 10. O-O Nxe3 11. fxe3 Bxc5 12. Nd4 Bxd4 13.
exd4 Qc7 14. Nd2 Bd7 15. Qe2 Rf8 16. Nf3 Rf5 17. Qe3 Kf8 18. Rf2 Kg8 19. b3
Raf8 20. a4 a5 21. Raf1 b6 22. Qd3 Rc8 23. Rc1 Qd8 24. Qd2 Bc6 25. Qd3 Qe7 26.
Rfc2 Rb8 27. Qe3 b5 28. axb5 Bxb5 29. Ra1 Ra8 30. c4 Bc6 31. c5 Rff8 32. Rca2
Qc7 33. Ng5 Rfe8 34. Qd2 h6 35. Nf3 Reb8 36. Qc2 Rb4 37. Qxg6 Qf7 38. Qc2 Qf4
39. Rxa5 Rxa5 40. Rxa5 Qe3+ 41. Kh1 Rxb3 42. Ra1 Bb5 43. h3 Qd3 44. Qa2 Bc4 45.
c6 Rb6 46. Qa8+  1-0

[Event "28th 4NCL Congress"]
[Site "Leamington Spa"]
[Date "2022.07.10"]
[Round "4"]
[Board "24"]
[White "Wright, George A"]
[Black "Kirkland, Arnold G"]
[Result "1-0"]
[WhiteElo "1407"]
[BlackElo "1614"]
[PlyCount "99"]
[EventDate "2022.07.08"]
[EventRounds "5"]
[EventCountry "ENG"]

1. b3 e5 2. Bb2 d6 3. e4 Nf6 4. d3 Be7 5. Nf3 O-O 6. Nbd2 Nbd7 7. d4 exd4 8.
Nxd4 Nc5 9. Bd3 Bd7 10. O-O h6 11. h3 Nh7 12. Qf3 Bf6 13. Nc4 Ng5 14. Qd1 Ngxe4
15. Be2 Re8 16. Bg4 b5 17. Ne3 c6 18. Bxd7 Qxd7 19. a4 Ne6 20. b4 c5 21. Nd5
cxd4 22. Nxf6+ Nxf6 23. Qf3 bxa4 24. Rad1 Ng5 25. Qd3 Ne6 26. h4 Rac8 27. Rd2
Nd5 28. Re1 Nxb4 29. Qf5 Rc5 30. Qg4 Qc7 31. Rxd4 Nxd4 32. Bxd4 g6 33. Qf4 Re6
34. Qxh6 f5 35. Qh8+ Kf7 36. Qg7+ Ke8 37. Qg8+ Kd7 38. Qf7+ Re7 39. Qxg6 Rd5
40. Bf6 Kc6 41. c3 Nd3 42. Rb1 Re1+ 43. Rxe1 Nxe1 44. h5 Nd3 45. h6 Nf4 46. Qg7
Rd1+ 47. Kh2 Ng6 48. Qxg6 d5+ 49. g3 Qb6 50. Bd8+  1-0

[Event "28th 4NCL Congress"]
[Site "Leamington Spa"]
[Date "2022.07.10"]
[Round "4"]
[Board "27"]
[White "Gomez, Mario"]
[Black "Hu, Edward"]
[Result "1-0"]
[WhiteElo "1315"]
[BlackElo "1380"]
[PlyCount "69"]
[EventDate "2022.07.08"]
[EventRounds "5"]
[EventCountry "ENG"]

1. e4 e5 2. Nf3 Nc6 3. Bc4 Bc5 4. c3 Nf6 5. d4 exd4 6. cxd4 Bb4+ 7. Bd2 Nxe4 8.
Bxb4 Nxb4 9. O-O d5 10. Bb3 O-O 11. a3 Nc6 12. Nc3 Nxc3 13. bxc3 Na5 14. Ba2
Bg4 15. h3 Bh5 16. Rb1 b6 17. Rb5 c6 18. Rb2 b5 19. g4 Bg6 20. Ne5 Be4 21. f3
Bg6 22. Rh2 f6 23. Nxg6 hxg6 24. Qd3 Qd6 25. Qxg6 Nc4 26. Bxc4 bxc4 27. Ra1 Qf4
28. Rf1 Rae8 29. h4 Re3 30. h5 Qh6 31. Qf5 Qg5 32. Qd7 f5 33. Rg2 Rxc3 34. f4
Rd8 35. Qe6+  1-0